000
00311nam a2200133 4500
008
190319s ||||xo d
245
1
0
_a
Výstupný vzdelávací štandard zo SJaL
250
_a
1.vydanie
300
_a
80 s.
020
_a
80-7098-357-4
_c
0
041
1
_a
slo
044
_a
xo
_c
SK
958
_a
APR
999
_c
22246
_d
22246